| 000 | 01167cam a2200229 4500 | ||
|---|---|---|---|
| 001 | WB3819-10 | ||
| 008 | 020521n2002 000 0 eng u | ||
| 035 | _a(Sirsi) u118071 | ||
| 245 | _aWe shouldn't shut up about noise | ||
| 260 | _c2002 | ||
| 490 |
_aDEFRA News Release _v(196/02) 20 May 2002, (3) |
||
| 520 | _aEnvironment Minister Michael Meacher has announced the results of three pieces of DEFRA research on noise pollution in the UK. The general findings indicate that outdoor noise levels remained almost constant over the past decade, although people perceive noise levels from neighbours to be worse. The Building Research Establishment (BRE) conducted the Noise Incidence Study (NIS) and Noise Attitudes Study (NAS). DEFRA carried out a review of European legislation and procedures relating to neighbour and neighbourhood noise. http://www.defra.gov.uk/news/2002/020520c.htm | ||
| 590 | _aWB | ||
| 650 | _aBUILDING RESEARCH ESTABLISHMENT | ||
| 650 | _aBRE | ||
| 650 | _aDEFRA | ||
| 650 | _aEUROPEAN LEGISLATION | ||
| 650 | _aNOISE POLLUTION | ||
| 650 | _aNOISY NEIGHBOURS | ||
| 690 | _aENVIRONMENTAL AND LAND CONSULTANCY | ||
| 942 | _n0 | ||
| 999 |
_c70310 _d70310 |
||